| 000 | 00559nam a2200229Ia 4500 | ||
|---|---|---|---|
| 005 | 20230421112152.0 | ||
| 008 | 230125s9999 xx 000 0 und d | ||
| 020 | _a9789386446794 | ||
| 041 | _aeng | ||
| 082 |
_a658 _bSHA |
||
| 100 |
_aSharma V _9118529 |
||
| 245 | _aThe Indestructible Brand | ||
| 250 | _a1st Ed. | ||
| 260 |
_c2017 _bSage publication _aNew Delhi |
||
| 300 | _a312p | ||
| 500 | _aGeneral Management | ||
| 650 | _aGeneral Management | ||
| 700 |
_aSharma V _9118529 |
||
| 906 | _b81.25 | ||
| 942 | _cBK | ||
| 999 |
_c96601 _d96601 |
||